Tales from the French folk-lore of Missouri.

Bibliographic Details
Main Author: Carrière, Joseph Médard, 1902-1970
Format: Book
Language:English
Published: New York : AMS Press, [1970]
Series:Northwestern University studies. Humanities series ; no. 1.
Subjects:

MARC

Tag First Indicator Second Indicator Subfields
LEADER 00000cam a2200000 4500
001 in00000181237
005 20151008085913.0
008 751202r19701937nyu b 00000 eng
010 |a  79128989  
020 |a 0404507018 
035 |a (OCoLC)01868404 
035 |9 AAU0712AM 
040 |a DLC  |c FXG  |d TXA  |d UtOrBLW 
049 |a TXAM  |c [706804] 
050 0 0 |a GR110.M77  |b C3 1970 
100 1 |a Carrière, Joseph Médard,  |d 1902-1970. 
245 1 0 |a Tales from the French folk-lore of Missouri. 
264 1 |a New York :  |b AMS Press,  |c [1970] 
264 4 |c [©1937] 
300 |a viii, 354 pages ;  |c 23 cm. 
336 |a text  |b txt  |2 rdacontent 
337 |a unmediated  |b n  |2 rdamedia 
338 |a volume  |b nc  |2 rdacarrier 
490 1 |a Northwestern University studies in the humanities, no. 1 
500 |a Reprint of the edition published in Evanston, Ill., 1937. 
504 |a Includes bibliographical references. 
650 0 |a Folklore  |z Missouri. 
650 0 |a Folklore, French  |z Missouri. 
830 0 |a Northwestern University studies.  |p Humanities series ;  |v no. 1. 
999 |a MARS 
999 f f |s f32ad2e6-8aed-39b2-b566-4e226c21289d  |i 539b9bbd-b0fb-3d12-838e-becd279a3150  |t 0 
952 f f |p ric  |a Texas A&M University  |b Rellis Campus  |c Joint Library Facility  |d Remote Storage  |t 0  |e GR110.M77 C3 1970  |h Library of Congress classification  |i unmediated -- volume  |m A14802441958 
998 f f |a GR110.M77 C3 1970  |t 0  |l Remote Storage